Higher education : handbook of theory and research
Αποθηκεύτηκε σε:
| Άλλοι συγγραφείς: | |
|---|---|
| Μορφή: | Βιβλίο |
| Γλώσσα: | English |
| Δημοσίευση: |
Dordrecht ; London :
Springer,
[c2008]
|
| Θέματα: | |
| Ετικέτες: |
Προσθήκη ετικέτας
Δεν υπάρχουν, Καταχωρήστε ετικέτα πρώτοι!
|
MARC
| LEADER | 00000nam a2200000 i 4500 | ||
|---|---|---|---|
| 001 | 1/95222 | ||
| 008 | 081010s2008 eng d | ||
| 020 | |a 978-1-4020-6958-1 | ||
| 035 | |l 10100788 | ||
| 040 | |a GR-MY-UA |b gre |e aacr | ||
| 041 | 0 | |a eng | |
| 082 | 0 | |a 378.73 |2 (22) | |
| 245 | 1 | 0 | |a Higher education : |b handbook of theory and research / |c John C. Smart, editor |
| 260 | |a Dordrecht ; London : |b Springer, |c [c2008] | ||
| 300 | |a 23 τ.; |c 24 εκ. | ||
| 500 | |a "Published under the sponsorship of the Association for Institutional Research (AIR) and the Association for the Study of Higher Education (ASHE)." | ||
| 504 | |a Περιλαμβάνει βιβλιογραφίες και ευρετήριο | ||
| 650 | 0 | 0 | |a Education, Higher |z United States. |
| 700 | 1 | |a Smart, John C. |4 edt | |
| 852 | |a INST |b RHODES |e 20081010 |h 378.73 HIG |p 005400031054 |q 005400031054 |t BK |y 0 |z τ.23 | ||
| 852 | |a INST |b RHODES |e 20081010 |h 378.73 HIG |p 005400031054 |q 005400031054 |t BK |v τ.23: |y 0 |z τ.23 | ||
| 853 | |a INST |b RHODES |h 378.73 HIG | ||
| 901 | |a BIBL4-2008-3 | ||
| 909 | |a Ρ |b 153877 | ||
| 922 | |a 4ΕΛΗ |b 200809 |c ΕΠΕΑΕΚ2/ΤΕΠΑΕΣ |d ΜΙΧΑΛΟΠΟΥΛΟΣ | ||
| 970 | |a ΚΟΖΑ |b ΜΑΡΙΑ |z 2008/10/10 | ||